01014nam a2200265 a 450000100100000000500170001000800410002704000250006808200230009310000480011624501050016425000110026926000350028030000270031549000480034250000330039060000480042365000300047165000310050183000560053291000070058804900090059595201270060499900170073100001996220240226144327.0100709s1968 sp 001 e spa d aDO-SdBNPbspacBNPHU a864.6bD542f, 19681 aDíaz-Plaja, Guillermo, d1909-198491696710aFederico García Lorca :bsu obra e influencia en la poesía española /cGuillermo Díaz-Plaja. a4a ed. aMadrid :bEspasa-Calpe,c1968. a224, [13] p. ;c18 cm.1 aAustral. Verde: ensayos y filosofíav1221 aIncluye índice de autores. 0aGarcía Lorca, Federico,d1898-1936914727 4aEnsayos españoles93095 4aLiteratura española9632 0aAustral.pVerde: ensayos y filosofía;v122198733 aWM aBNGR 001054708MOaGRbGRcHDd2010-07-09iLF1l0o864.6 D542f, 1968p19962-10r2020-06-25w2020-06-25y4ZPréstamo en sala c19475d19475